Encyclopedia of world art
Сохранить в:
| Формат: | |
|---|---|
| Язык: | Undetermined |
| Опубликовано: |
New York
McGraw- Hill Book Company, Inc.
1960
|
| Предметы: | |
| Метки: |
Добавить метку
Нет меток, Требуется 1-ая метка записи!
|
| Thư viện lưu trữ: | Trung tâm Học liệu Trường Đại học Cần Thơ |
|---|
| LEADER | 00416nam a2200157Ia 4500 | ||
|---|---|---|---|
| 001 | CTU_76780 | ||
| 008 | 210402s9999 xx 000 0 und d | ||
| 082 | |a 703 | ||
| 082 | |b E56/Vol.11 | ||
| 245 | 0 | |a Encyclopedia of world art | |
| 260 | |a New York | ||
| 260 | |b McGraw- Hill Book Company, Inc. | ||
| 260 | |c 1960 | ||
| 650 | |a Art | ||
| 904 | |i Trúc,Hải | ||
| 980 | |a Trung tâm Học liệu Trường Đại học Cần Thơ | ||